000 00299nam a22001337a 4500
082 _a894.812.3
_bJAY/L
100 _aJAYAKUMAR, VIJAYALALYAM
245 _aLAKSHMANA VISHADHAM
260 _aTRIVANDUM
_bPRABHATH BOOKS HOUSE
_c1998
300 _a200
520 _aNOVEL
650 _aNOVEL
942 _cBK
999 _c4919
_d4919